[Event "FIDE WCC 2018"]
[Site "Khanty-Mansiysk"]
[Date "2018.11.04"]
[Round "1.2"]
[White "Abdumalik, Zhansaya"]
[Black "Padmini, Rout"]
[Result "1/2-1/2"]
[WhiteElo "2473"]
[BlackElo "2341"]
[Annotator "TA"]
[PlyCount "151"]
[EventDate "2018.11.03"]
[EventType "k.o."]
[EventCountry "RUS"]
[SourceTitle "playchess.com"]
[Source "ChessBase"]
[SourceQuality "1"]

{[%evp 18,151,7,0,7,0,10,0,0,0,0,0,0,0,0,0,14,0,0,-11,34,34,45,-6,57,44,52,52,57,26,70,20,31,21,29,39,27,17,43,12,14,-12,-4,-6,-13,-8,0,0,16,0,0,0,0,0,0,0,19,10,8,4,6,6,2,8,10,10,12,14,32,24,63,16,48,49,56,8,8,1,2,0,10,0,26,10,29,29,38,48,49,0,49,49,56,0,18,14,15,5,56,14,20,14,56,33,56,27,39,41,56,52,57,57,81,81,81,81,81,47,47,8,8,0,0,0,0,0,0,0,0,0,0,0,0,0,2,2]} 1. e4 e5 2. Nf3 Nc6 3. Bb5 Nf6 4. d3 Bc5 5. c3 d5 6. Nbd2 dxe4 7. dxe4 O-O 8. O-O Qe7 9. Qe2 {C00: French: Unusual White 2nd moves} a5 10. Ba4 {LiveBook: 3 Games} Nb8 $146 ({Predecessor:} 10... h6 11. Nc4 Bd7 12. Ne3 Bxe3 13. Qxe3 {0-1 (71) Kryvoruchko,Y (2695)-Bacrot,E (2678) Batumi 2018}) 11. Nc4 Nbd7 12. Ne3 Bxe3 13. Qxe3 Nc5 14. Bc2 a4 15. Re1 b6 16. Nh4 Re8 17. Qf3 h6 18. h3 {[%cal Bh2h3,Bh3h4][%mdl 32]} Nh7 19. Qg3 {Hoping for Bxh6.} Qf6 20. Be3 (20. f4 $14) 20... Ne6 (20... Ng5 $11) 21. Nf5 $14 {[#] Nxh6+ is the strong threat.} Kh8 22. h4 h5 23. Qh2 Nhf8 24. Ng3 Ng6 25. Nxh5 Qxh4 26. Qxh4 Nxh4 27. f3 Kg8 28. Kf2 Ng6 29. g3 Nc5 30. b4 axb3 31. axb3 Bd7 32. Red1 Bc6 33. c4 Rxa1 34. Rxa1 Ra8 35. Rxa8+ Bxa8 36. b4 Nd7 37. Ke2 c5 38. bxc5 Nxc5 39. g4 Nf8 40. Ng3 g6 41. Kd2 Nfe6 42. Ne2 Kf8 43. Nc3 Ke7 44. Bf2 g5 45. Be3 f6 46. Ne2 Bc6 47. Kc3 Kd6 48. Ng3 Kc7 49. Nf5 Nd7 50. Kb4 Nec5 51. Ne7 Na6+ 52. Ka3 Nac5 53. Kb4 Na6+ 54. Kc3 Nac5 55. Nf5 (55. Nd5+ $14 Kd6 56. Bg1) 55... Na6 56. Bc1 Nac5 57. Ba3 Bb7 (57... Ba4 $11) 58. Bb4 Bc6 59. Ne3 Bb7 60. Kd2 Bc6 61. Nd1 Bb7 62. Nc3 Bc6 63. Ke3 Bb7 64. Nd5+ Kd6 65. Ba4 {aiming for Bxd7.} Bc6 66. Bb5 Bxd5 67. exd5 (67. cxd5 {keeps more tension.} Kc7 68. Bf1 Nf8 69. Kd2 Ng6 70. Kc3) 67... Nf8 $1 68. Bxc5+ (68. Be8 {feels hotter.} Ke7 69. Bh5 Kd8 70. Bf7 Ke7 71. Bg8) 68... bxc5 {[%mdl 4096] Endgame KB-KN. The position is equal.} 69. Be8 Ke7 $1 {[%cal Re7e8]} 70. Bh5 Nd7 71. Bg6 Nb6 72. Kd3 Nc8 73. Kc3 Nd6 74. Kb3 Kd7 75. Ka4 Kc7 76. Bd3 {Precision: White = 39%, Black = 53%.} 1/2-1/2

[Event "FIDE WCC 2018"]
[Site "Khanty-Mansiysk"]
[Date "2018.11.04"]
[Round "1.2"]
[White "Socko, Monika"]
[Black "Shvayger, Yuliya"]
[Result "1/2-1/2"]
[WhiteElo "2463"]
[BlackElo "2389"]
[Annotator "TA"]
[PlyCount "88"]
[EventDate "2018.11.03"]
[EventType "k.o."]
[EventCountry "RUS"]
[SourceTitle "playchess.com"]
[Source "ChessBase"]
[SourceQuality "1"]

{[%evp 18,88,27,21,41,37,15,32,28,0,0,0,0,0,0,0,37,39,37,0,31,39,91,79,81,62,62,0,0,0,0,0,0,26,32,0,38,0,28,5,47,39,30,0,0,0,0,0,0,0,0,0,0,0,0,0,0,0,0,0,0,0,0,0,0,0,0,0,0,0,0,0,0]} 1. d4 Nf6 2. c4 e6 3. Nf3 d5 4. Bg5 Nbd7 5. cxd5 exd5 6. Nc3 c6 7. e3 Qa5 8. Nd2 Bd6 9. Bd3 {D52: Queen's Gambit Declined: Cambridge Springs Variation} O-O 10. Qc2 {LiveBook: 6 Games} (10. O-O Qc7 11. Nf3 Re8 12. Rc1 Qb8 13. Qc2 h6 14. Bh4 Ng4 15. h3 Ngf6 16. e4 dxe4 17. Bxe4 Nxe4 18. Nxe4 Nf8 19. Nxd6 Qxd6 {1-0 (45) Tomashevsky,E (2758)-Nguyen,N (2634) Baku 2015}) 10... Qc7 11. Nf3 {White is slightly better.} h6 12. Bh4 Re8 13. O-O-O b5 {[%cal Bb7b5,Bb5b4][%mdl 32]} 14. Kb1 $146 ({Predecessor:} 14. g4 b4 15. Na4 Ne4 {1-0 (41) Myers,O-Myers,P Kingston 2001}) 14... b4 15. Na4 $1 Ne4 16. Nd2 Nb6 17. Bxe4 dxe4 18. Nc5 Bf5 (18... Bf8 {with more complications.} 19. Ncxe4 a5 20. Rc1 Qa7 21. Bg3 Ba6) 19. Bg3 Nd5 ({Better is} 19... Bxg3 $14 20. hxg3 a5) 20. Bxd6 $16 ({But not} 20. Ndxe4 $6 Rxe4 21. Nxe4 Bxg3 $15) 20... Qxd6 21. Nc4 Qc7 22. f4 (22. Rhg1 $14) 22... a5 $11 {[%cal Ba7a5,Ba5a4,Ba4a3][%mdl 32]} 23. Qf2 a4 24. Rc1 a3 {[#] And now ...axb2 would win.} 25. b3 Nc3+ 26. Ka1 (26. Rxc3 $5 bxc3 27. Qc2 $11) 26... Red8 27. Rhg1 (27. Rxc3 $5 bxc3 28. Rc1 $11) 27... Rd5 28. g4 {[%cal Bg2g4,Bg4g5,Bg5h6][%mdl 32]} Rxc5 (28... Be6 $5) 29. dxc5 Be6 30. g5 {[#] aiming for gxh6.} Bxc4 $1 {The position is equal.} 31. gxh6 $1 Qd8 32. Qg2 $1 {[%csl Gg1,Gh6][%cal Rg2g7]} ({Avoid the trap} 32. hxg7 $2 Qf6 $19) 32... g6 {Strongly threatening ...Bb5.} 33. bxc4 Qf6 $1 34. Qg5 Qh8 {...Nxa2+ is the strong threat.} 35. h7+ $1 Kxh7 {Threatens to win with ...Nxa2+!} 36. Qh4+ $1 Kg7 37. Rxg6+ $1 fxg6 38. Qe7+ Kg8 39. Qe6+ Kh7 40. Qh3+ Kg7 (40... Kg8 $5 41. Qe6+ $8 Kh7 42. Qh3+ Kg8 43. Qe6+ $11) 41. Qd7+ Kh6 42. Qh3+ Kg7 43. Qd7+ Kh6 {( -> ...Nd5+)} (43... Kf8 $5 44. Qd6+ $8 Kf7 45. Qd7+ Kf8 46. Qd6+ Kg7 47. Qd7+ $11) 44. Qh3+ Kg7 {Precision: White = 74%, Black = 55%.} 1/2-1/2

[Event "FIDE WCC 2018"]
[Site "Khanty-Mansiysk"]
[Date "2018.11.04"]
[Round "1.2"]
[White "Galliamova, Alisa"]
[Black "Nakhbayeva, Guliskhan"]
[Result "1/2-1/2"]
[WhiteElo "2432"]
[BlackElo "2367"]
[Annotator "TA"]
[PlyCount "129"]
[EventDate "2018.11.03"]
[EventType "k.o."]
[EventCountry "RUS"]
[SourceTitle "playchess.com"]
[Source "ChessBase"]
[SourceQuality "1"]

{[%evp 17,129,-13,-15,-12,-12,-13,14,-1,0,0,0,0,0,0,0,-38,-30,-41,0,0,47,-142,-143,-119,-84,-75,-17,-73,-59,-53,-54,-64,-60,-60,-14,-6,0,-7,16,-20,63,53,38,-18,29,0,59,-23,-22,-49,-54,-50,-60,-47,-16,-13,-15,-31,-24,-13,0,0,0,-27,0,-4,-3,-13,-12,-8,0,0,0,0,0,0,0,0,0,0,0,0,0,0,0,0,0,0,0,0,0,0,0,0,0,0,0,0,0,0,0,0,0,0,0,0,0,0,0,0,0,0,0,0]} 1. d4 Nf6 2. c4 e6 3. g3 d5 4. Bg2 dxc4 5. Nf3 c5 6. O-O Nc6 7. dxc5 Qxd1 {E04: Open Catalan: 5 Nf3} 8. Rxd1 Bxc5 9. Nc3 (9. Nfd2 Na5 10. Na3 Bxa3 11. bxa3 Bd7 12. Bb2 Rc8 13. Bc3 b6 14. Rdc1 Rc7 15. Bxa5 bxa5 16. Rxc4 Rxc4 17. Nxc4 {½-½ (22) Dominguez Perez,L (2739)-Anand,V (2768) Saint Louis 2018}) 9... Bd7 {LiveBook: 3 Games} 10. Nd2 $1 Na5 $1 11. Nde4 Be7 12. Bf4 $146 ({Predecessor:} 12. Nxf6+ gxf6 13. Ne4 f5 14. Nd6+ Bxd6 15. Rxd6 {½-½ (41) Siuniakov,I (2300)-Kuzmin,I (2179) Angarsk 2015}) 12... Bc6 13. Nd6+ Bxd6 $1 14. Bxd6 O-O-O 15. e4 b6 {[%cal Bb7b6,Bb6b5][%mdl 32]} 16. Rac1 Nb7 17. Ba3 b5 18. b3 a5 {[#] And now ...b4 would win.} 19. Be7 $2 (19. Rxd8+ $1 $14 Rxd8 20. e5 Bxg2 21. Kxg2 (21. Nxb5 Bf3 $14)) 19... Rxd1+ $17 20. Nxd1 Nxe4 21. a4 {Black must now prevent axb5.} Re8 (21... Kd7 $17 22. axb5 Bxb5 23. Bxe4 Kxe7 24. Bxb7 cxb3) 22. axb5 (22. Ba3 $1 $11 {keeps the balance.} f5 23. axb5 Bxb5 24. Ne3) 22... Bxb5 23. Ba3 Nec5 24. bxc4 Bd7 25. Nc3 Kc7 26. Rb1 Rd8 27. h4 f5 28. Nb5+ Kc8 (28... Bxb5 $1 $11 29. Rxb5 Rd1+ 30. Kh2 Ne4) 29. Na7+ $14 {[%mdl 1024] White has compensation.} Kc7 30. Nb5+ (30. Bb2 $14 a4 31. Bxb7 (31. Bxg7 Nb3 $11) 31... Kxb7 32. Bf6+ Nb3 33. Bxd8 Kxa7 34. f4) 30... Kc8 31. Na7+ (31. Nd6+ $5 Nxd6 32. Bxc5 $14) 31... Kc7 32. Nb5+ (32. Bb2 $1 $14) 32... Bxb5 $11 33. Bxc5 Nxc5 34. Rxb5 {[%mdl 4096] Endgame KRB-KRN} Rd1+ 35. Kh2 Nd3 36. Rxa5 Nxf2 37. Ra7+ Kd6 38. Rxg7 Ng4+ 39. Kh3 Nf2+ 40. Kh2 Ng4+ 41. Kh3 {The position is equal.} h5 42. Rh7 Nf6 43. Rh6 Ke5 {Strongly threatening ...Rd3.} 44. Bf3 Rd3 45. Kg2 Rd2+ 46. Kg1 Rc2 47. Bxh5 Rxc4 48. Bf3 Rc1+ 49. Kg2 Rc2+ 50. Kg1 Rb2 51. Rg6 Rb8 52. Kg2 Rb2+ 53. Kg1 Rb6 54. Kg2 Nd7 55. Rg7 Rd6 56. h5 Kf6 57. h6 {[#] Threatens to win with Rg8.} Ne5 58. Bh5 Rd2+ 59. Kg1 Rd7 60. Rxd7 Nxd7 61. g4 Nf8 62. gxf5 exf5 63. Bd1 Kg5 64. Bc2 Kxh6 65. Bxf5 {Precision: White = 58%, Black = 54%.} 1/2-1/2

[Event "FIDE WCC 2018"]
[Site "Khanty-Mansiysk"]
[Date "2018.11.04"]
[Round "1.2"]
[White "Bodnaruk, Anastasia"]
[Black "Vega Gutierrez, Sabrina"]
[Result "1/2-1/2"]
[WhiteElo "2426"]
[BlackElo "2389"]
[Annotator "TA"]
[PlyCount "123"]
[EventDate "2018.11.03"]
[EventType "k.o."]
[EventCountry "RUS"]
[SourceTitle "playchess.com"]
[Source "ChessBase"]
[SourceQuality "1"]

{[%evp 19,123,17,16,10,27,27,29,15,15,7,44,36,41,14,16,22,52,49,44,45,65,67,117,122,123,121,146,146,146,146,145,137,161,152,170,154,176,172,175,187,210,208,242,0,224,208,229,168,165,155,163,157,159,115,103,0,63,64,64,64,110,104,116,119,114,93,91,83,84,84,83,60,54,54,128,66,70,95,78,61,82,58,37,41,46,26,20,13,13,0,0,0,0,0,0,0,0,0,0,0,0,0,0,0,0,0]} 1. e4 c5 2. Nf3 Nc6 3. Bb5 Nf6 {[%cal Bg8f6,Bf6d5,Bd5c7,Bc7e6,Be6d4][%mdl 32]} 4. e5 Nd5 5. O-O Nc7 6. a4 {B30: Sicilian: 2...Nc6 3 Bb5, lines without ...g6} (6. Bxc6 dxc6 7. d3 Bf5 8. Be3 e6 9. Nbd2 Be7 10. Ne4 b6 11. Nfd2 Nd5 12. Qe2 Nxe3 13. fxe3 O-O 14. Qf3 Qc7 {½-½ (45) Quparadze,G (2499)-Jojua,D (2586) Tbilisi 2018}) 6... g6 7. Re1 Bg7 8. h3 O-O 9. Bxc6 $146 ({Predecessor:} 9. d3 d6 10. exd6 exd6 11. Bg5 f6 12. Be3 Bf5 {1-0 (59) Krabbe,W-Urlau,T GER email 2008}) 9... dxc6 10. d3 Ne6 {LiveBook: 4 Games} 11. a5 Nd4 12. Nbd2 Qc7 13. c3 Nxf3+ 14. Nxf3 Rd8 15. Qe2 Be6 16. Be3 Bxe5 17. Bxc5 Bd6 18. Bxd6 Rxd6 19. Qe3 Qd8 20. d4 Qf8 21. Ng5 Re8 22. Ne4 Rdd8 23. Nc5 Bc8 24. Qg3 Rd6 25. Re3 f5 26. Qf4 $36 {[%mdl 2048] Black is under strong pressure.} Qf6 27. h4 Rf8 28. Rae1 Rf7 29. b4 a6 30. Re5 Kg7 31. R5e3 $2 (31. Na4 $18) 31... h6 $2 (31... Kg8 $11 {and Black has nothing to worry.}) 32. Nd3 $18 g5 33. hxg5 hxg5 {[#]} 34. Rg3 $1 {[%cal Rg3g5]} g4 35. Ne5 Rf8 36. Nc4 Re6 37. Ne5 ({Better is} 37. Rge3 $16) 37... Qh6 (37... Rd6 $1 $11) 38. Qxh6+ Rxh6 39. f4 Re6 40. Rge3 Rff6 41. Kf2 Rh6 42. Nc4 Rxe3 43. Rxe3 $16 {[%mdl 4096] Endgame KRB-KRN} Kf6 44. Nb6 Be6 45. c4 Rh1 46. Re1 Rh8 (46... Rxe1 $14 47. Kxe1 Bf7) 47. d5 (47. Rc1 $16) 47... cxd5 $14 48. cxd5 Bf7 49. Nd7+ Kg6 50. Ne5+ (50. Rd1 {is more complex.} Rd8 51. Nb6 Kh5 52. Rd2 Kg6 53. Ke3) 50... Kf6 51. Nxf7 Kxf7 {KR-KR} 52. Re5 Kf6 53. Re6+ {The position is equal.} Kf7 54. Rb6 Rd8 55. Rxb7 Rxd5 56. Ke3 {[#] Black must now prevent Rb6.} Rd1 57. b5 axb5 58. Rxb5 Kf6 59. Rb6+ e6 60. a6 {Strongly threatening Rb8.} Ra1 61. Kf2 Ra3 62. Rc6 {Precision: White = 70%, Black = 59%.} 1/2-1/2

[Event "FIDE WCC 2018"]
[Site "Khanty-Mansiysk"]
[Date "2018.11.04"]
[Round "1.2"]
[White "Danielian, Elina"]
[Black "Hoang, Thanh Trang"]
[Result "1/2-1/2"]
[WhiteElo "2426"]
[BlackElo "2448"]
[Annotator "TA"]
[PlyCount "163"]
[EventDate "2018.11.03"]
[EventType "k.o."]
[EventCountry "RUS"]
[SourceTitle "playchess.com"]
[Source "ChessBase"]
[SourceQuality "1"]

{[%evp 15,163,20,30,10,12,16,7,2,4,-12,-11,-16,0,-3,0,-23,-8,-37,0,-8,-27,-65,-66,-72,-24,-169,-92,-214,-222,-229,-231,-215,-216,-216,-215,-214,-202,-254,-165,-167,-164,-175,-161,-164,-150,-164,-146,-175,-99,-111,-82,-242,-227,-202,-176,-216,268,264,250,0,0,0,183,192,888,881,852,848,830,816,828,786,760,729,587,260,260,260,260,260,275,267,390,390,390,377,373,375,514,505,559,559,559,496,452,0,485,518,449,268,268,0,268,237,268,268,268,268,268,268,268,268,554,552,553,533,533,295,351,295,592,268,268,268,268,206,206,155,155,155,155,155,155,155,155,155,155,155,155,155,155,155,155,155,155,155,155,155,155,0]} 1. Nf3 f5 2. d3 Nc6 (2... d6 3. e4 e5 4. Nc3 Be7 5. d4 fxe4 6. Nxe4 d5 7. Neg5 exd4 8. Bd3 Qd6 9. Nxd4 c5 10. Nb5 Qe5+ 11. Be3 Na6 12. O-O {1-0 (36) Svidler,P (2751)-Bu,X (2710) Tbilisi 2017}) 3. d4 e6 4. g3 (4. c4 Nf6 5. a3 d6 6. b4 g6 7. Bb2 Bg7 8. e3 O-O 9. Nc3 e5 10. d5 {1-0 (39) Danielian,E (2415)-Hoang,T (2438) Heraklio 2017}) 4... Nf6 5. Bg2 Be7 6. O-O {A04: Unusual lines after 1 Nf3 and King's Indian Attack} O-O 7. c4 d6 8. Nc3 Ne4 {LiveBook: 8 Games} 9. Nxe4 $146 ({Predecessor:} 9. Qc2 Nxc3 10. Qxc3 {1-0 (69) Hayrapetyan,A (2346)-Sandipan,C (2570) Yerevan 2017}) 9... fxe4 10. Ne1 d5 11. Be3 Bf6 12. Nc2 Bd7 13. Qd2 Kh8 14. b4 Ne7 15. b5 Nf5 16. Bf4 dxc4 17. a4 a6 18. bxa6 Rxa6 19. Bxe4 c5 20. a5 (20. dxc5 $11 {and White has nothing to worry.} Bxa1 21. Rxa1) 20... cxd4 (20... Nxd4 $19 {White must now prevent ...Nb3.} 21. Rab1 e5) 21. Qb4 (21. Bxf5 $17 exf5 22. Nxd4) 21... e5 $19 22. Bc1 Nd6 23. Bxb7 Nxb7 24. Qxb7 Bc8 25. Qb5 Ra8 26. a6 Qc7 27. Nb4 Be6 28. Nd5 {[#]} Bxd5 $1 29. Qxd5 Rfd8 30. Qe4 Qb6 31. g4 h6 (31... Rxa6 $19 32. Rxa6 Qxa6) 32. Qg6 $17 {next Bxh6! is good for White.} Rd6 ({Don't play} 32... Rxa6 $6 {[#]} 33. Bxh6 $1 {[%mdl 512]} gxh6 34. Rxa6 $11) 33. Bxh6 $2 (33. a7 $17 {is a better defense.}) 33... gxh6 $19 34. Qxh6+ Kg8 35. Rfb1 Rxa6 $4 {[%mdl 8192]} (35... Bg7 $19 {and life is good for Black.} 36. Qc1 Qc7) 36. Qg6+ $18 Bg7 37. Qe8+ $2 (37. Rxa6 $18 {Intending Ra8+ and mate.} Rxg6 38. Raxb6 Rxg4+ 39. Kf1) 37... Kh7 38. Qh5+ Rh6 $2 (38... Kg8 $11 39. Qe8+ Bf8 40. Rxb6 Rxa1+ 41. Kg2 Rxb6 42. Qxe5 Raa6 43. Qxd4 Rc6) 39. Qf5+ Rg6 $2 (39... Qg6 40. Rxa6 Qxf5 41. Rxh6+ Kxh6 42. gxf5 Kg5) 40. Rxb6 Raxb6 41. g5 Rbf6 42. Qh3+ Bh6 43. Ra7+ Kh8 44. Ra8+ Kh7 45. Qc8 (45. f4 $142) 45... Rxg5+ 46. Kf1 Bg7 47. Qxc4 Rfg6 {[%csl Gg6][%cal Rg5g1]} 48. e3 dxe3 (48... Rg1+ $142 49. Ke2 R1g4 50. exd4 Rxd4) 49. Qh4+ Bh6 50. Ra7+ Kh8 51. fxe3 Rg1+ 52. Ke2 R1g2+ 53. Kf3 R2g5 54. Ra8+ Kh7 55. Ra7+ Kh8 56. Qe4 Bg7 57. Qa8+ (57. h4 $142 Rf6+ 58. Ke2) 57... Kh7 58. Qe4 $2 (58. Qc8 $18) 58... Kh6 $2 {[%mdl 8192]} (58... Kh8 $1 $11 {and Black is okay.} 59. Qh4+ Bh6) 59. Rc7 Rf6+ 60. Ke2 Rgf5 61. Rc6 {aiming for Qxf5.} Rf2+ 62. Kd3 {Threatens to win with Qh4+.} Rxc6 63. Qxc6+ {[%mdl 4096] Endgame KQ-KRB} Bf6 $2 (63... Rf6 {keeps fighting.} 64. Qg2 Rb6) 64. Qe6 {And now Qh3+ would win.} Kg6 65. h3 Rf5 66. Ke4 {White threatens Qe8+ and mate.} Rg5 67. Kd5 Rg3 $2 (67... Kg7 {was called for.} 68. Qe8 Kh6) 68. Qg8+ (68. h4 $142) 68... Bg7 69. e4 Kh6 70. Qc8 Rd3+ {White is clearly better.} 71. Ke6 {Strongly threatening Qc1+.} Rxh3 72. Qc1+ Kh7 73. Qf1 Rh4 74. Qf5+ Kh8 75. Ke7 Rf4 76. Qg6 Kg8 77. Qe8+ Kh7 78. Qh5+ Kg8 79. Qg6 Kh8 80. Qe6 Kh7 81. Qc8 Rf3 82. Qe6 $2 {Precision: White = 51%, Black = 50%.} ({White should play} 82. Qg4 $16 Rf6 83. Qh5+ Kg8 84. Qg5) 1/2-1/2

[Event "FIDE WCC 2018"]
[Site "Khanty-Mansiysk"]
[Date "2018.11.04"]
[Round "1.2"]
[White "Gaponenko, Inna"]
[Black "Krush, Irina"]
[Result "1/2-1/2"]
[WhiteElo "2420"]
[BlackElo "2434"]
[Annotator "TA"]
[PlyCount "60"]
[EventDate "2018.11.03"]
[EventType "k.o."]
[EventCountry "RUS"]
[SourceTitle "playchess.com"]
[Source "ChessBase"]
[SourceQuality "1"]

{[%evp 27,60,67,70,0,19,17,5,16,17,-17,0,19,57,31,65,53,89,75,66,0,0,-13,-11,-17,-20,-12,7,8,68,0,0,0,77,0,0]} 1. e4 c5 2. Nf3 d6 3. d4 cxd4 4. Nxd4 Nf6 5. Nc3 Nc6 6. Bg5 e6 7. Qd2 Be7 8. O-O-O a6 9. f4 Bd7 10. Nf3 b5 11. Bxf6 gxf6 12. Kb1 Qa5 {B69: Sizilianisch (Richter/Rauser-Angriff)} (12... Qb6 13. g3 b4 14. Ne2 a5 15. f5 e5 16. Nc1 Rc8 17. Qd5 Na7 18. Nd2 Bc6 19. Qd3 a4 20. Nc4 {0-1 (32) Wei,Y (2742)-Stocek,J (2574) Batumi 2018}) 13. Bd3 b4 14. Ne2 Qc5 {LiveBook: 5 Partien. Weiß steht etwas besser.} 15. Ng3 (15. f5 $1 $14) 15... h5 $146 ({Vorgänger:} 15... a5 16. Rhe1 a4 17. e5 d5 18. exf6 Bxf6 19. Ne5 Nxe5 20. fxe5 Be7 21. Ne2 {½-½ (21) Unzicker,W-Perez Perez,F Oberhausen 1961}) 16. Rhe1 h4 17. Nf1 a5 18. Qe3 Qxe3 19. Nxe3 Bd8 20. Bb5 Rh5 21. f5 Na7 22. Bxd7+ (22. Be2 {keeps more tension.} Nc8 23. e5 Be7 24. exf6 Bxf6 25. fxe6 fxe6 26. Ng4) 22... Kxd7 23. e5 ({Besser ist} 23. Rd3 $14) 23... d5 $11 24. fxe6+ fxe6 25. exf6 Bxf6 26. Ng4 Bg7 27. Nge5+ Kd6 (27... Bxe5 $1 $11 28. Nxe5+ Ke7) 28. Nf7+ (28. Nc4+ $5 Kc5 29. Nxa5 $16) 28... Kd7 $1 29. N7e5+ Kd6 {[%cal Rg7e5] [#]} 30. Nf7+ (30. Nc4+ $1 $16 Kc5 31. Nxa5) 30... Kd7 $1 {Precision: Weiß = 56%, Schwarz = 37%.} 1/2-1/2

[Event "FIDE WCC 2018"]
[Site "Khanty-Mansiysk"]
[Date "2018.11.04"]
[Round "1.2"]
[White "Zawadzka, Jolanta"]
[Black "Guseva, Marina"]
[Result "1-0"]
[WhiteElo "2407"]
[BlackElo "2413"]
[Annotator "TA"]
[PlyCount "97"]
[EventDate "2018.11.03"]
[EventType "k.o."]
[EventCountry "RUS"]
[SourceTitle "playchess.com"]
[Source "ChessBase"]
[SourceQuality "1"]

{[%evp 25,96,22,19,20,11,6,16,11,43,24,33,31,64,65,65,41,48,61,93,21,18,0,52,41,43,16,32,-14,137,138,140,136,128,108,139,139,124,69,69,69,69,69,69,68,68,66,68,67,67,45,275,102,113,120,385,270,360,360,328,360,1797,1100,29963,29965,29993,6532,29968,295,854,781,2760,1639,29999]} 1. e4 c6 2. d4 d5 3. Nd2 dxe4 4. Nxe4 Bf5 5. Ng3 Bg6 6. Nh3 Nf6 7. c3 e6 8. Nf4 Bd6 9. h4 {B18: Classical Caro-Kann: 4...Bf5 sidelines} Qc7 (9... Bxf4 10. Bxf4 h6 11. a4 O-O 12. a5 Nd5 13. Bd2 Nd7 14. c4 N5f6 15. h5 Bh7 16. Bc3 c5 {1-0 (68) Ivanchuk,V (2726)-Artemiev,V (2691) Huaian 2017}) 10. Qf3 Nbd7 11. h5 Bc2 12. h6 g6 13. Bd3 Bxd3 {LiveBook: 26 Games} 14. Nxd3 Qa5 15. Bf4 Bxf4 16. Qxf4 {[#]} O-O-O $146 17. O-O g5 18. Qf3 Qd5 19. Qe2 $1 Rhf8 20. b4 {[%cal Bb2b4,Bb4b5][%mdl 32]} Qc4 21. Rfc1 Rg8 22. Nf1 (22. a4 $16) 22... Qd5 $11 23. Rab1 g4 (23... Qe4 $11 24. Qxe4 Nxe4) 24. b5 c5 25. Ne3 Qh5 26. Nc4 cxd4 $2 (26... g3 $11 27. Qxh5 Nxh5) 27. b6 $1 $16 {[%cal Rb6a7]} axb6 28. cxd4 g3 {( -> ...Qh2+)} 29. Qxh5 gxf2+ 30. Kxf2 Nxh5 31. Rb5 (31. Nxb6+ $16 Kb8 32. Nxd7+ Rxd7 33. Nc5) 31... Nhf6 $1 $14 32. Nxb6+ Kb8 33. Nxd7+ Rxd7 34. Nc5 Rxd4 {Black wants to play ...Rd2+.} 35. Rxb7+ Ka8 36. Rxf7 Ng4+ $1 37. Kf1 {Black must now prevent Rc3.} Nxh6 $2 {[#]} ({Black should try} 37... Rd2 $14) 38. Rxh7 $2 (38. Rf3 $1 $18 {[%cal Rf3a3]} Rd5 39. Ra3+ (39. Nxe6 Ra5 $16) 39... Kb8 40. Rb3+ (40. Nxe6 Rf5+ 41. Rf3 Rb5 $16) 40... Kc8 41. Ne4+ (41. Nxe6+ Kd7 $18) 41... Kd8 42. Rb8+ Ke7 43. Rc7+ Rd7 44. Rxd7+ Kxd7 45. Nf6+ Kc7 46. Rxg8) 38... Rf4+ 39. Kg1 Nf7 $2 {[%mdl 8192]} (39... Nf5 $16) 40. Nxe6 Rf6 41. Nc7+ Kb8 42. Nd5 Rf3 $2 (42... Rfg6 43. Rb1+ Ka8 44. Nb6+ Kb8 45. Nd5+ Ka8 46. Nb6+ Kb8 47. Nd5+) 43. Ne7 Rg5 44. Nc6+ Ka8 45. Nd8 (45. Rb1 $142 Rg8 46. Rh4 Ra3 47. Rhb4 Rxg2+ 48. Kxg2 Rxa2+ 49. Kh1 Rh2+ 50. Kxh2 Nh8 51. Rb8#) 45... Nd6 46. Rd7 $2 (46. Rcc7 {mates} Rf7 47. Nxf7 Nxf7 48. Rcxf7 Rg8 49. Kf2 Kb8 {[#]} 50. g4 $1 {[%mdl 512]} Rd8 51. g5) 46... Rd3 $2 (46... Rfg3 47. Rxd6 Rxg2+ 48. Kh1 R2g3 49. Ra6+ Kb8) 47. Nf7 Rgd5 48. Nxd6 Rxd6 49. Rc8# {Precision: White = 43%, Black = 30%.} 1-0

[Event "FIDE WCC 2018"]
[Site "Khanty-Mansiysk"]
[Date "2018.11.04"]
[Round "1.2"]
[White "Cori T., Deysi"]
[Black "Atalik, Ekaterina"]
[Result "1/2-1/2"]
[WhiteElo "2406"]
[BlackElo "2445"]
[Annotator "TA"]
[PlyCount "86"]
[EventDate "2018.11.03"]
[EventType "k.o."]
[EventCountry "RUS"]
[SourceTitle "playchess.com"]
[Source "ChessBase"]
[SourceQuality "1"]

{[%evp 11,86,11,15,-42,-14,-10,6,0,0,-1,0,0,19,6,34,28,47,35,35,33,35,27,29,6,14,12,8,13,52,46,52,50,51,52,50,43,42,37,45,12,6,6,14,0,0,2,24,2,4,5,14,18,27,27,56,31,34,35,35,36,51,0,0,0,0,0,0,0,0,0,0,0,0,0,0,0,0]} 1. d4 Nf6 2. c4 g6 3. g3 Bg7 4. Bg2 d5 5. cxd5 Nxd5 6. e4 Nb6 {LiveBook: 750 Games} 7. d5 {D72: Fianchetto Grünfeld: 5 cxd5 Nxd5 6 e4 Nb6 (without Nf3)} ({White should try} 7. Nf3 $11) (7. Ne2 Bg4 8. Nbc3 O-O 9. f3 Be6 10. b3 Qc8 11. h4 Rd8 12. h5 Nc6 13. d5 Nb4 14. hxg6 Bxd5 15. exd5 N6xd5 16. gxh7+ {1-0 (31) Navara,D (2740)-Tomczak,J (2588) Katowice 2017}) 7... c6 8. Nc3 cxd5 9. exd5 O-O 10. Nge2 {[%cal Bg1e2,Be2f4,Bf4d3,Bd3c5][%mdl 32]} N8d7 11. O-O Nf6 12. h3 $146 ({Predecessor:} 12. Be3 Nc4 13. Bd4 Nd6 14. b3 Bf5 {0-1 (27) Stevens,C (2028)-Urquhart,E (2233) Sackville 2001}) 12... e6 13. dxe6 Bxe6 14. Nf4 Bc4 15. Re1 Qxd1 16. Rxd1 Ba6 17. Nd3 Rad8 18. Nc5 Rxd1+ 19. Nxd1 Rd8 20. Nc3 Re8 21. Bg5 h6 22. Nxa6 {[#] Hoping for Bxf6.} hxg5 23. Bxb7 Nc4 24. Rb1 g4 25. Bg2 gxh3 26. Bxh3 Nh7 27. Nb5 Nxb2 28. Bf1 Re7 29. Rc1 Ng5 30. Kg2 Ne6 31. Rc8+ Kh7 32. Nb8 Na4 33. Rc4 (33. Nc6 $5 {[%cal Rc6e7]} Rd7 34. Ra8 $16) 33... Nac5 34. Nc6 Rd7 35. Nbxa7 Rd2 36. Nb5 (36. Nb4 $14) 36... Rxa2 $11 {The position is equal.} 37. Nd6 Kg8 38. Rb4 Ra8 39. Ne7+ Kf8 40. Nc6 Kg8 41. Ne7+ Kf8 42. Nc6 Kg8 43. Ne7+ Kf8 {Precision: White = 55%, Black = 57%.} 1/2-1/2